000 01193nam0a2200349 i 4500
001 RU\NLR\BIBL_A\010347334
005 20240921164308.0
010 _a9785170824014
_93000
021 _aRU
_b2014-24463
_9102д/14
035 _a(NILC)RuMoRGB-006770412
035 _a(NLR Aleph) 010347334
090 _a10730379
_c10730379
100 _a20140424d2014 u y0rusy50 ca
101 0 _arus
102 _aRU
105 _aach|z||||00ya
200 1 _aДиссиденты
_fАлександр Подрабинек
210 _aМосква
_cАСТ
_cРедакция Елены Шубиной
_d2014
215 _a477 с., [12] л. ил., портр., факс.
225 1 _aМемуары -XX век
320 _aДр. кн. авт. на обороте тит. л.
333 _a18+
606 1 _aДиссиденты
_yСССР
_91202620
_3RU\NLR\AUTH\66168804
675 _a821.161.1-94
686 1 _aТ3(2) 7-4
700 1 _aПодрабинек
_bА.П.
_f1953-
_gАлександр Пинхосович
801 0 _aRU
_bRuMoRKP
_c20140331
_gRCR
801 2 _aRU
_bРГБ
_c20140404
942 _cBOOK
980 _aNBR